00616cam a2200169 i 450000100100000000500170001000800410002702000160006804000250008404100080010924501630011726000610028030000280034150400260036970000230039570000280041800001983020200929170144.0760331s1974 xxu 000 0 eng  a077480033X. aDO-SdBNPbspacBNPHU17aeng00aVisitors who never left :bthe origin of the people of Damelahamid /ctranslated and arr. by Kenneth B. Harris ; in collaboration with Frances M. P. Robinson. aCanadá :bUniversity of British Columbia Press,c1974. axxiii, 139 p. ;c23 cm. aBiografía : p. 139.1 aHarris, Kenneth B.1 aRobinson, Frances M. P.